000 00408nam a2200145 i 4500
001 bg
100 1 _aFABER, Marek T.
245 0 _aMikrofalowe mieszacze wielodiodowe - analiza nieliniowa, liniowa i szumowa :
_bteoria ... /
_cMarek Faber.
260 _aWarszawa,
_c1980.
040 _cBPK
041 _apol
080 _a621.382:621.396:681.322
942 _cKS
008 s pl f |000 0 pol
999 _c20810
_d20810
856 _uhttp://koha.tu.koszalin.pl/cgi-bin/koha/opac-detail.pl?biblionumber=20810
_yKatalog online BPK